000 00695nam a22002537a 4500
001 BR9509577
003 BR-BrBNA
005 20230928095126.0
007 ta
008 230509b bl.||||| |||| 00| 0 por d
040 _aBR-BrBNA
_bpor
_cBiblioteca Nacional de Agricultura
041 _a(Por)
072 _aL10
_b5300
090 _ 5300 BR9509577
110 1 _aAssociacao Brasileira de Criadores de Suinos, Estrela, RS (Brasil)
_9266
245 1 _aRegistro genealogico e provas zootecnicas
260 3 _aEstrela, RS (Brasil):
_c1994.
300 _a87 p.
650 _aSuino
650 _aRaca
650 _aRegistro Genealogico
909 _a202309
_bLucia
_c55
_dLucia Elande
942 _cBK
999 _c54672
_d54672